000
00282nam a22001217a 4500
008
180208b xxu||||| |||| 00| 0 eng d
041
_a
eng
080
_a
33
100
_a
52
101
_a
EKO
245
_a
The works and correspondence of david ricardo
_c
Sraffa,P
942
_2
udc
_c
BK
999
_c
42163
_d
42163